| 000 | 00891nam0a22002651 4500 | ||
|---|---|---|---|
| 001 | RU\NLR\INFOCOMM_190\5000043713 | ||
| 005 | 20250613093320.0 | ||
| 035 | _a(NLR Aleph) 009198308 | ||
| 090 |
_a8673595 _c8673595 |
||
| 100 | _a20100416d1965 |||y0rusy50 ca | ||
| 101 | 1 |
_afre _crus |
|
| 102 | _aRU | ||
| 105 | _aa ||||000|y | ||
| 200 | 1 |
_aLe lac Emoron _fGrigori Hodjer _g[Trad. du russe par Raiski] |
|
| 210 |
_aΜ. _c"Progrès" _d1965 |
||
| 215 |
_a284 с., 1 л. портр. _cпортр. _d20 см |
||
| 300 | _aНа обороте тит. л.: Григорий Ходжер. Эморон-озеро | ||
| 686 |
_aЛх-рс1078(франц.) _2rubbk |
||
| 700 | 1 |
_9z01790 _aChodžer _bG. G. _f1929- _gGrigorij Gibivič _4070 |
|
| 790 | 1 |
_9z01700 _aHodjer _bG. _gGrigori _4070 |
|
| 801 | 1 |
_aRU _bNLR _c20100416 |
|
| 801 | 0 |
_aRU _bNLR _gPSBO |
|
| 852 |
_aNLR _jЛ31 Г-3/1443 |
||
| 942 | _cBOOK | ||
| 980 | _aNB | ||